书目信息 |
| 题名: |
后女权主义
|
|
| 作者: | 孚卡文, 文 ;怀特, , 王丽 图 | |
| 分册: | ||
| 出版信息: | 北京 文化艺术出版社 2003.08 |
|
| 页数: | 172页 | |
| 开本: | 21cm | |
| 丛书名: | 西方文化图文速读 | |
| 单 册: | ||
| 中图分类: | D440 | |
| 科图分类: | ||
| 主题词: | 女权运动--西方国家 | |
| 电子资源: | ||
| ISBN: | 7-5039-2375-X | |
| 000 | 00966nam 22002652 450 | |
| 001 | 192004004053 | |
| 005 | 20070913093308.98 | |
| 010 | @a7-5039-2375-X@dCNY17.00 | |
| 100 | @a20070602d2003 ekmy0chiy0121 ea | |
| 101 | 1 | @achi@ceng |
| 102 | @aCN@b110000 | |
| 105 | @aa z 000yy | |
| 200 | 1 | @a后女权主义@Ahou nu quan zhu yi@d= Postfeminism@f(英) 索菲亚·孚卡文@g瑞贝卡·怀特图@g王丽译@zeng |
| 210 | @a北京@c文化艺术出版社@d2003.08 | |
| 215 | @a172页@c图@d21cm | |
| 225 | 2 | @a西方文化图文速读@Axi fang wen hua tu wen su dou@h第1辑 |
| 330 | @a本书全面梳理了后女权主义的缘起、发展脉络、主要流派及各个领域的代表人物、基本主张,从而为读者提供了相应的背景知识,使读者进入各种相关领域的女权主义主张时不致茫然。 | |
| 410 | 0 | @12001 @a西方文化图文速读 |
| 606 | 0 | @a女权运动@y西方国家 |
| 690 | @aD440@v4 | |
| 701 | 1 | @a孚卡文,@Afu ka wen,@e英@4文 |
| 702 | 1 | @a怀特,@Ahuai te,@4图 |
| 702 | 0 | @a王丽@Awang li@4译 |
| 801 | 0 | @aCN@c20070913 |
| 905 | @dD440@eF664 | |
| 后女权主义= Postfeminism/(英) 索菲亚·孚卡文/瑞贝卡·怀特图/王丽译.-北京:文化艺术出版社,2003.08 |
| 172页:图;21cm.-(西方文化图文速读.第1辑) |
| ISBN 7-5039-2375-X:CNY17.00 |
| 本书全面梳理了后女权主义的缘起、发展脉络、主要流派及各个领域的代表人物、基本主张,从而为读者提供了相应的背景知识,使读者进入各种相关领域的女权主义主张时不致茫然。 |
| ● |
| 相关链接 |
|
|
|
正题名:后女权主义
索取号:D440/F664
 
预约/预借
| 序号 | 登录号 | 条形码 | 馆藏地/架位号 | 状态 | 备注 |
| 1 | 617097 | 206170971 | 社科库509/509社科库 70排6列5层/ [索取号:D440/F664] | 在馆 | |
| 2 | 617098 | 206170980 | 社科库509/509社科库 70排6列5层/ [索取号:D440/F664] | 在馆 | |
| 3 | 617099 | 206170999 | 社科库509/509社科库 70排6列5层/ [索取号:D440/F664] | 在馆 |